Top 10 Seattle Mariners of All-Time - Statistics

General Stats
  • This quiz has been taken 2,991 times
    2,739 since last reset
  • The average score is 7 of 10
Answer Stats
WAR Years Position Answer % Correct
67.6 1989-1999, 2009-2010 OF Ken Griffey Jr.
98%
54.2 2001-2012, 2018-2019 OF Ichiro Suzuki
92%
65.5 1987-2004 3B/DH Edgar Martinez
90%
54.0 2005-2019 P Felix Hernandez
90%
44.3 1989-1998 P Randy Johnson
86%
35.0 1994-2000 3B/SS Alex Rodriguez
79%
35.2 2011-2021 3B Kyle Seager
72%
22.4 1988-2001 OF Jay Buhner
54%
30.0 1996-2006 P Jamie Moyer
47%
24.3 1982-1992 P Mike Moore
6%
No matching quizzes found
Score Distribution
Percent of People with Each Score
Percentile by Number Answered
Your Score History
You have not taken this quiz since the last reset